La vida esta afuera (Registro nro. 313789)

Detalles MARC
000 -ENCABEZADO
Número de control [NR] 00783 a2200217 4500
005 - FECHA Y HORA DE LA ÚLTIMA TRANSACCIÓN
control field 20190801111321.0
008 - DE LONGITUD FIJA DE DATOS DE ELEMENTOS - INFORMACIÓN GENERAL
Elementos de longitud fija [NR] 190801s2011 ck ||||| |||| 00| 0 spa d
020 ## - NUMERO INTERNACIONAL NORMALIZADO PARA LIBROS [R]
Número Internacional Normalizado del libro [NR] 9789588375403
020 ## - NUMERO INTERNACIONAL NORMALIZADO PARA LIBROS [R]
Número Internacional Normalizado del libro [NR] 9789588375359
040 ## - FUENTE DE CATALOGACION [NR]
Agencia de catalogación original [NR] CO-BoUCM
Idioma de catalogación [NR] spa
Quien Cataloga Saul Niño
Quien Clasifica Saul Niño
041 0# - CODIGO DE IDIOMA [R]
Código de idioma para texto/pista de sonido o título separado [R] Español
100 10 - ASIENTO PRINCIPAL--NOMBRE PERSONAL [NR]
Nombre personal [NR] Correa U., Juan David
ID Autoridad 97890
245 13 - MENCION DE TITULO [NR]
Título [NR] La vida esta afuera
Mención de responsabilidad, etc. [NR] Juan David Correa U.
260 ## - PUBLICACION, DISTRIBUCION, ETC. (PIE DE IMPRENTA) [R]
Lugar de publicación, distribución, etc. [R] Cartagena de Indias (Colombia)
Nombre del editor, distribuidor, etc. [R] Ediciones Pluma de Mompox
Fecha de publicación, distribución, etc. [R] 2011
300 ## - DESCRIPCION FISICA [R]
Extensión [R] 126 páginas
490 0# - MENCION DE SERIE [R]
Mención de serie [R] Voces del fuego : testigos del Bicentenario
Designación numérica/secuencial del volumen [NR] 19
600 10 - ASIENTO SECUNDARIO DE MATERIA - NOMBRE PERSONAL [R]
Nombre personal [NR] Correa Ulloa, Juan David
Fechas asociadas con el nombre [NR] 1976-
Subdivisión de forma [R] Ensayos, conferencias, etc.
9 (RLIN) 97891
650 #7 - ASIENTO SECUNDARIO DE MATERIA - TERMINO TEMATICO [R]
9 (RLIN) 21370
Término temático o nombre geográfico como elemento de entrada [NR] Periodistas en la literatura
942 ## - ELEMENTOS DE ENTRADA AGREGADOS (KOHA)
Tipo de ítem principal el descrito en 300a Libro
Sistema de clasificación DEWEY
Tema principal Literatura
Edición 1
Clasificación 920.5
Parte restante de la signatura top. C824v
Existencias
Total préstamos Signatura topográfica Código de barras Última vez visto Ejemplar Costo de reposición Price effective from Tipo de ítem Perdido Sistema de clasificación Dañado No prestable Tipo de ítem específico Suprimido Ubicación habitual Ubicación actual Localización Fecha de creación Proveedor Forma de adquisición Costo
  920.5 C824v 100161735 09/12/2025 Ej.1 26000.00 25/06/2019 Libro   DEWEY     Libro   Claustro Claustro 2do piso 25/06/2019 12 Donación 0.00